Estadísticas para Tiburones de Shark Tank México

Haz click aquí para intentar la prueba.

Estadísticas generales

  • Esta prueba ha sido intentada 4 veces
  • La puntuación promedio es 14 de 22

Estadísticas de respuestas

Respuesta% Correcto
Arturo Elías Ayub
100%
Emmanuel
100%
Jorge Vergara
100%
Marcus Dantus
100%
Rodrigo Herrera
100%
Alejandro Litchi
67%
Amaury Vergara
67%
Ana Victoria García
67%
Andrea Arnau
67%
Carlos Bremer
67%
Ernesto Coppel
67%
Karla Berman
67%
Marisa Lazo
67%
Patricia Armendáriz
67%
Adriana Gallardo
33%
Alejandra Ríos
33%
Braulio Arsuaga
33%
Brian Requarth
33%
Deborah Beyda
33%
Luis Harvey
33%
Mauricio Hoyos
33%
Oswaldo Trava
33%

Distribución de puntuación

Porcentaje por número respondido

Porcentaje de gente con cada puntuación

Historial de tus puntuaciones

No has intentado esta prueba.